Noncommutative geometry and the standard model of elementary particle physics /
Guardado en:
| Otros Autores: | , , |
|---|---|
| Formato: | Libro |
| Idioma: | English |
| Publicado: |
Berlin ; New York :
Springer,
c2002.
|
| Series: | Lecture notes in physics,
596 |
| Materias: | |
| Etiquetas: |
Agregar Etiqueta
Sin Etiquetas, Sea el primero en etiquetar este registro!
|
| LEADER | 02486cam a22002774a 4500 | ||
|---|---|---|---|
| 001 | MAT.inmabb003900 | ||
| 008 | 020909s2002####gw#######b####100#0#eng## | ||
| 005 | 20130405123909.0 | ||
| 245 | 0 | 0 | |a Noncommutative geometry and the standard model of elementary particle physics / |c F. Scheck, H. Upmeier, W. Werner (eds.). |
| 260 | |a Berlin ; |a New York : |b Springer, |c c2002. | ||
| 300 | |a xii, 346 p. ; |c 24 cm. | ||
| 440 | 0 | |a Lecture notes in physics, |x 0075-8450 ; |v 596 | |
| 504 | |a Incluye referencias bibliográficas. | ||
| 505 | 0 | |a Ralf Holtkamp, Spectral triples and abstract Yang-Mills functional -- Ralf Meyer, Real spectral triples and charge conjugation -- Michael Frank, The commutative case: spinors, Dirac operator and de Rham algebra -- Peter M. Alberti and Reiner Matthes [Rainer Matthes], Connes' trace formula and Dirac realization of Maxwell and Yang-Mills action -- Bernd Ammann and Christian Bär, The Einstein-Hilbert action as a spectral action -- Ryszard Nest, Elmar Vogt and Wend Werner, Spectral action and the Connes-Chamsedinne model -- Herald Upmeier [Harald Upmeier], Dirac operator and real structure on Euclidean and Minkowski spacetime -- ; Karen Elsner, Holger Neumann and Harald Upmeier, The electro-weak model -- Karen Elsner, Holger Neumann and Harald Upmeier, The full standard model -- Holger Neumann and Harald Upmeier, Standard model coupled with gravity -- Florian Scheck, The Higgs mechanism and spontaneous symmetry breaking -- Bruno Iochum, The impact of NC geometry in particle physics -- Rainer Häussling, The su(2|1) model of electroweak interactions and its connection to NC geometry -- Klaus Fredenhagen, Quantum fields and noncommutative spacetime -- Edwin Langmann, NC geometry and quantum fields: simple examples -- Giovanny Landi [Giovanni Landi], Dirac eigenvalues as dynamical variables -- Raimar Wulkenhaar, Hopf algebras in renormalization and NC geometry -- Fedele Lizzi, NC geometry of strings and duality symmetry. | |
| 510 | 4 | |a MR, |c 2004k:58045 | |
| 020 | |a 3540440712 | ||
| 700 | 1 | |a Scheck, Florian, |d 1936- |4 edt | |
| 700 | 1 | |a Upmeier, Harald, |d 1950- |4 edt | |
| 700 | 1 | |a Werner, W. |q (Wend), |d 1958- |4 edt | |
| 650 | 0 | |a Standard model (Nuclear physics) |x Mathematics |v Congresses. | |
| 650 | 0 | |a Noncommutative differential geometry |v Congresses. | |
| 650 | 0 | |a Mathematical physics |v Congresses. | |
| 084 | |a 58J42 (58B34 81R60 81V22) |2 msc2000 | ||
| 010 | |a 2002034511 | ||
| 040 | |a DLC |c DLC |d DLC | ||
| 859 | |h 58 |i N812 |p A-8293 |b BIB. MATEMATICA | ||
